Statistics for 河北省地图 Hebei Map Quiz

Click here to take the quiz!

General Stats

  • This quiz has been taken 1 790 times
  • The average score is 10 of 11

Answers on the Map

Answers color-coded by a green-red scale on the quiz's map according to % correct below.
 

Answer Stats

区划% Correct
石家庄市
99%
唐山市
94%
秦皇岛市
93%
廊坊市
92%
保定市
91%
张家口市
91%
承德市
91%
邯郸市
90%
衡水市
83%
沧州市
82%
邢台市
79%

Score Distribution

Percentile by Number Answered

Percent of People with Each Score

Your Score History

You have not taken this quiz